Stades de Premier League (2026-2027) - Statistiques

Statistiques générales
  • Ce quiz a été pris 26 fois
  • Le résultat moyen est 8 sur 20
Statistiques - réponses
Équipe Stade Ville Capacité % Correct
Manchester United Old Trafford Manchester 74 244
100%
Liverpool Anfield Liverpool 61 276
96%
Arsenal Emirates Stadium Londres 60 704
88%
Chelsea Stamford Bridge Londres 41 312
79%
Newcastle United St James' Park Newcastle 52 264
75%
Manchester City Etihad Stadium Manchester 61 470
71%
Tottenham Tottenham Hotspur Stadium Londres 62 850
58%
Aston Villa Villa Park Birmingham 37 000
58%
Fulham Craven Cottage Londres 29 589
42%
Sunderland Stadium of Light Sunderland 49 000
42%
Bournemouth Dean Court Bournemouth 11 307
21%
Crystal Palace Selhurst Park Londres 25 468
17%
Brighton AMEX Stadium Falmer 31 876
13%
Leeds United Ellan Road Leeds 37 645
13%
Nottingham Forest City Ground West Bridgford 31 042
8%
Everton Hill Dickinson Stadium Liverpool 52 769
8%
Brentford Brentford Community Stadium Londres 17 250
0%
Coventry City Coventry Building Society Arena Coventry 32 609
0%
Hull City MKM Stadiulm Kingston upon Hull 25 586
0%
Ipswich Town Portman Road Ipswich 30 056
0%
Aucun quiz correspondant
Distribution des résultats
% des personnes avec chaque résultat
Percentile par nombre de réponses
Votre historique - résultats
Vous n’avez pas pris ce quiz